Películas en las que participó Paco Martínez Soria - Estadísticas

Estadísticas generales
  • Esta prueba ha sido intentada 13 veces
  • La puntuación promedio es 8 de 36
Estadísticas de respuestas
Año Respuesta % Correcto
1969 Don erre que erre
56%
1966 La ciudad no es para mí
56%
1970 ¡Se armó el belén!
56%
1978 ¡Vaya par de gemelos!
56%
1968 El turismo es un gran invento
44%
1981 La tía de Carlos
44%
1967 ¿Qué hacemos con los hijos?
44%
1969 Abuelo Made in Spain
33%
1973 El abuelo tiene un plan
33%
1972 El padre de la criatura
33%
1938 Alma de Dios
22%
1975 El alegre divorciado
22%
1980 Es peligroso casarse a los 60
22%
1976 Estoy hecho un chaval
22%
1971 Hay que educar a papá
22%
1937 Paquete, el fotógrafo público número uno
22%
1951 Almas en peligro
11%
1942 Boda accidentada
11%
1943 Deliciosamente tontos
11%
1936 Diego Corrientes
11%
1974 El calzonazos
11%
1941 El difunto es un vivo
11%
1956 El difunto es un vivo
11%
1943 El hombre de los muñecos
11%
1935 Error judicial
11%
1953 Fantasía española
11%
1953 La danza del corazón
11%
1953 La montaña sin ley
11%
1959 Sendas marcadas
11%
1934 Sereno... y tormenta
11%
1957 Su desconsolada esposa
11%
1943 Un enredo de familia
11%
1956 Veraneo en España
11%
1943 Viviendo al revés
11%
1935 Al margen de la ley
0%
1943 Piruetas juveniles
0%
No se encontraron pruebas coincidentes
Distribución de puntuación
Porcentaje de gente con cada puntuación
Porcentaje por número respondido
Historial de tus puntuaciones
No has intentado esta prueba.